00464pab a2200133 454500008004000000100002000040245014000060260000900200300001300209362001200222650002800234650002000262773004800282180718b2001 xxu||||| |||| 00| 0 eng d aRao, D. Tripati aEconomic reforms anatomy of behavioural agents and macroeconomic outcomes: a critical review of the performance of the Ibndian economy c2001 ap.401-27 aJul-Sep aEconomic reform - India aEconomic reform aJourna of Indian School of Poitical Economy